<?xml version="1.0" encoding="UTF-8"?>
<record
    xmlns:xsi="http://www.w3.org/2001/XMLSchema-instance"
    xsi:schemaLocation="http://www.loc.gov/MARC21/slim http://www.loc.gov/standards/marcxml/schema/MARC21slim.xsd"
    xmlns="http://www.loc.gov/MARC21/slim">

  <leader>01077nam a22002771  4500</leader>
  <controlfield tag="001">gs 05000853 </controlfield>
  <controlfield tag="003">DLC</controlfield>
  <controlfield tag="005">20260227111302.0</controlfield>
  <controlfield tag="008">870417m18731883ohuabf   b   s00000 ger c</controlfield>
  <datafield tag="010" ind1=" " ind2=" ">
    <subfield code="a">gs 05000853 </subfield>
  </datafield>
  <datafield tag="040" ind1=" " ind2=" ">
    <subfield code="a">U.S. Geol. Survey Libr./ICU</subfield>
    <subfield code="c">ICU</subfield>
  </datafield>
  <datafield tag="043" ind1=" " ind2=" ">
    <subfield code="a">n-us-oh</subfield>
  </datafield>
  <datafield tag="050" ind1="0" ind2=" ">
    <subfield code="a">QE151</subfield>
    <subfield code="b">.A52</subfield>
  </datafield>
  <datafield tag="110" ind1="1" ind2="0">
    <subfield code="a">Ohio.</subfield>
    <subfield code="b">Chief Geologist.</subfield>
  </datafield>
  <datafield tag="245" ind1="1" ind2="0">
    <subfield code="a">Bericht &#xFC;ber die Geologische aufnahme von Ohio ...</subfield>
    <subfield code="b">Ver&#xF6;ffentlicht gem&#xE4;ss der autorit&#xE4;t der Gesetzgebung von Ohio.</subfield>
  </datafield>
  <datafield tag="260" ind1="0" ind2=" ">
    <subfield code="a">Columbus,</subfield>
    <subfield code="b">L. Heinmiller, staatsdrucker [etc.]</subfield>
    <subfield code="c">1873-83.</subfield>
  </datafield>
  <datafield tag="300" ind1=" " ind2=" ">
    <subfield code="a">4 v. in 6.</subfield>
    <subfield code="b">front. (v. 2, pt. 1) illus., plates, maps (part col.) tables.</subfield>
    <subfield code="c">25-26 cm.</subfield>
  </datafield>
  <datafield tag="500" ind1=" " ind2=" ">
    <subfield code="a">Part of the illustrative matter is folded.</subfield>
  </datafield>
  <datafield tag="500" ind1=" " ind2=" ">
    <subfield code="a">State geologists: 1869-82, John Strong Newberry.--1883-99, Edward Francis Baxter Orton.</subfield>
  </datafield>
  <datafield tag="504" ind1=" " ind2=" ">
    <subfield code="a">"Bibliographie der ornithologie von Ohio": v. 4, p. 641-660.</subfield>
  </datafield>
  <datafield tag="500" ind1=" " ind2=" ">
    <subfield code="a">No more published.</subfield>
  </datafield>
  <datafield tag="650" ind1=" " ind2="0">
    <subfield code="a">Geology</subfield>
    <subfield code="z">Ohio.</subfield>
  </datafield>
  <datafield tag="650" ind1=" " ind2="0">
    <subfield code="a">Paleontology</subfield>
    <subfield code="z">Ohio.</subfield>
  </datafield>
  <datafield tag="650" ind1=" " ind2="0">
    <subfield code="a">Zoology</subfield>
    <subfield code="z">Ohio.</subfield>
  </datafield>
  <datafield tag="740" ind1="0" ind2="1">
    <subfield code="a">Geologische aufnahme von Ohio.</subfield>
  </datafield>
  <datafield tag="999" ind1=" " ind2=" ">
    <subfield code="c">24306</subfield>
    <subfield code="d">24306</subfield>
  </datafield>
</record>
